| 000 | 00858nam a22002297a 4500 | ||
|---|---|---|---|
| 999 |
_c21344 _d21344 |
||
| 003 | AR-CdUCM | ||
| 008 | 190517b ||||| |||| 00| 0 spa d | ||
| 040 |
_aMUNICIPALIDAD PROVINCIAL DEL CUSCO _cBIBLIOTECA MUNICIPAL DEL CUSCO |
||
| 082 |
_a079.85/F89 _bF89 |
||
| 100 |
_aFuentes Pastor, Hélard _944505 |
||
| 245 |
_aCarlos Meneses Cornejo : _bun rostro del periodismo arequipeño / |
||
| 260 |
_aArequipa ; _bPanamericana EIRL, _c2018. |
||
| 300 |
_a76 Páginas. : _bilustraciones ; _c20 cm. |
||
| 505 | _aContenido: Lazos familiares -- La casa de los Meneses -- Volver a la niñez -- El periodismo como oficio -- Vínculos y filiación arequipeña ... | ||
| 650 |
_aPeriodismo _91929 |
||
| 650 |
_aArequipa _91703 |
||
| 650 |
_aBiografías _9148 |
||
| 650 |
_aHistoria _944506 |
||
| 710 |
_aCerro Verde _944507 |
||
| 942 |
_2ddc _cLIBROS |
||
| 945 | _aRoel | ||